| 000 | 00622nam a2200217Ia 4500 | ||
|---|---|---|---|
| 005 | 20250923145924.0 | ||
| 008 | 008 250917s9999 xx 000 0 eng d | ||
| 037 | _aTextual | ||
| 040 |
_aDSWL _beng _cDSWL |
||
| 041 |
_aeng _2eng |
||
| 084 |
_aY:(X8), N59;1 _qDSWL |
||
| 100 |
_aVincent, M.J. _9840334 |
||
| 245 | 0 |
_aNew foundation for Industrial sociology _c by M.J. Vincent |
|
| 260 |
_aNew Delhi _b East West Press Allahabad _c1965 |
||
| 300 | _avii,456p. | ||
| 365 |
_aUSD _b230 |
||
| 700 |
_a J. Mayers _9840335 |
||
| 925 | _g230 | ||
| 942 |
_cTEXL _hY:(X8), N59;1 |
||
| 999 |
_c1457391 _d1457391 |
||